1439 1380 1649 1383 1512 1433 1870 1854 1602 1371 1379 1189 1835 1416 1638 1840 1313 1620 1119 1280 1728 1856 1959 1873 1821 1705 1204 1977 1517 1680 1917 1232 1740 1191 1856 1490 1185 1181 1056 1705 1298 1076 1304 1542 1445 1976 1742 1592 1059 1341 1256 1499 1177 1586 1735 1110 1700 1537 1239 1824 1301 1046 1006 1525 1422 1982 1696 1120 1161 1106 1997 1931 1403 1699 1547 1326 1322 1891 1011 1394 1281 1112 1856 1851 1939 1914 1173 1631 1311 1217 1853 1706 1917 1504 1012 1362 1273 1270 1707 BCNSPRNW ULIB Ver.6.0+V

เปลี่ยนเป็นภาษาไทย

Change to English
 แสดงรายละเอียดบรรณานุกรม
  กลับหน้าหลัก

Brief Record : Get Marc (ISO 2709) : E-mail record : QR code < ปิดหน้าต่าง
LEADER : 00000nam 2200000uu 4500
001    13399127085
003     ULIB
008    020711s2561 th a 000 0 tha d
020    ^a9786168028360
060    ^aWS103^bร375ห
100    ^aรัตนา คชนาท และคณะ
245    ^aหมากับเงา (THE DOG AND THE SHADOW) (นิทานอีสป สองภาษา ไทย-อังกฤษ)
250    ^aพิมพ์ครั้งที่ 1
260    ^aกรุงเทพฯ :^bสำนักพิมพ์ห้องเรียน,^c2561
300    ^a12 หน้า;^b21 ซม.
650    ^aเด็ก^xการเรียนการสอน
945    ^p55^l0^i006273
999    ^aประนอม เกษจรัล
รายการนี้ยังไม่มีแท็ก
คุณยังไม่ได้ล็อกอิน คุณสามารถมีกิจกรรมร่วมกับเว็บไซต์ได้ แต่ต้องล็อกอินก่อน ::
  ล็อกอิน

รายการสื่อสารสนเทศ

ลำดับที่ ประเภท เลขเรียก/บาร์โค้ด สถานที่ สถานะ
1. วิทยาศาสตร์การแพทย์ และสุขภาพ
วิทยาศาสตร์การแพทย์ และสุขภาพ
WS103 ร375ห ฉ.1 
  Barcode: 006273
ห้องสมุดวิทยาเขตสวรรค์ประชารักษ์
►หนังสือทั่วไป
บนชั้น

BibComment


ยังไม่เคยถูกคอมเมนท์

คอมเมนท์ทรัพยากรรายการนี้
  คอมเมนท์: หมากับเงา THE DO..


 Copyright 2026. Bcnsprnw @Library